000 01005nam a2200181Ia 4500
008 151202s9999||||xx |||||||||||||| ||und||
082 _bPNVM-121102
100 _aकोपर्डेकर शरदचंद्र.
245 _aश्रीदत्तमहाराज कवीश्वर यांची विचारसंपदा-विचारधन भाग-3.
260 _b"इंद्रायणी साहित्य प्रकाशन,पुणे."
260 _c1999
300 _a191
600 _aकोपर्डेकर शरदचंद्र.
630 _aश्रीदत्तमहाराज कवीश्वर यांची विचारसंपदा-विचारधन भाग-3.
700 _aकोपर्डेकर शरदचंद्र.
730 _aश्रीदत्तमहाराज कवीश्वर यांची विचारसंपदा-विचारधन भाग-3.
942 _cBOOK
999 _c1351231
_d1351228